Mi hijo no habla
Gorde:
| Egile nagusia: | |
|---|---|
| Formatua: | Liburua |
| Hizkuntza: | gaztelania |
| Argitaratua: |
Santiago
Aguilar Chilena de Ediciones
2010
|
| Gaiak: | |
| Etiketak: |
Etiketa erantsi
Etiketarik gabe, Izan zaitez lehena erregistro honi etiketa jartzen!
|
MARC
| LEADER | 00000cam a2200000 a 4500 | ||
|---|---|---|---|
| 001 | UCF2001 | ||
| 003 | CL-VaPUC | ||
| 008 | 120802e20100000CL |||||||||||||||||spa|d | ||
| 020 | |a 9789562398428 | ||
| 082 | 0 | 4 | |a 371.9 |b HIG |2 21 |
| 100 | 0 | |a Higuera C., Miguel |e author |9 563584 | |
| 245 | 1 | 0 | |a Mi hijo no habla |
| 300 | |a 250 p | ||
| 942 | |c BK | ||
| 945 | |d 20120802 00:00:00 |a dcastane | ||
| 260 | |a Santiago |b Aguilar Chilena de Ediciones |c 2010 | ||
| 650 | 0 | |a Educación especial |9 307486 | |
| 650 | 0 | |a Psicología del niño |9 307305 | |
| 650 | 0 | |a Psicolingüística |9 283371 | |
| 650 | 0 | |a Psicología del aprendizaje |9 306854 | |
| 650 | 7 | |a TRASTORNOS DEL DESARROLLO |2 CL-VaPUC |9 451450 | |
| 583 | |a last modification |c 20130107 12:55:57 |k Rodrigo Vera | ||
| 999 | |c 348683 |d 348681 | ||
| 952 | |0 0 |1 0 |4 0 |6 371_900000000000000_HIG_2010 |7 0 |8 A |9 450817 |a BIBEDU |b BIBEDU |c ES_NOD |d 2019-11-22 |i 4884566 |l 1 |o 371.9 HIG 2010 |p 4884566 |r 2023-09-04 |s 2023-08-28 |w 2019-11-22 |y BK |k EDI | ||